Dataset Open Access
<?xml version='1.0' encoding='UTF-8'?>
<record xmlns="http://www.loc.gov/MARC21/slim">
<leader>00000nmm##2200000uu#4500</leader>
<datafield tag="245" ind1=" " ind2=" ">
<subfield code="a">Data publication: Short-Pulse High-Power THz Generation Using Optical Klystron FELs: Simulation Results</subfield>
</datafield>
<controlfield tag="001">4620</controlfield>
<datafield tag="773" ind1=" " ind2=" ">
<subfield code="a">https://www.hzdr.de/publications/Publ-43277</subfield>
<subfield code="i">isIdenticalTo</subfield>
<subfield code="n">url</subfield>
</datafield>
<datafield tag="773" ind1=" " ind2=" ">
<subfield code="a">https://www.hzdr.de/publications/Publ-41937</subfield>
<subfield code="i">isReferencedBy</subfield>
<subfield code="n">url</subfield>
</datafield>
<datafield tag="773" ind1=" " ind2=" ">
<subfield code="a">10.14278/rodare.4619</subfield>
<subfield code="i">isVersionOf</subfield>
<subfield code="n">doi</subfield>
</datafield>
<datafield tag="980" ind1=" " ind2=" ">
<subfield code="a">dataset</subfield>
</datafield>
<datafield tag="540" ind1=" " ind2=" ">
<subfield code="u">https://creativecommons.org/licenses/by/4.0/legalcode</subfield>
<subfield code="a">Creative Commons Attribution 4.0 International</subfield>
</datafield>
<datafield tag="542" ind1=" " ind2=" ">
<subfield code="l">open</subfield>
</datafield>
<datafield tag="909" ind1="C" ind2="O">
<subfield code="o">oai:rodare.hzdr.de:4620</subfield>
<subfield code="p">openaire_data</subfield>
<subfield code="p">user-rodare</subfield>
<subfield code="p">user-dali</subfield>
</datafield>
<datafield tag="653" ind1=" " ind2=" ">
<subfield code="a">Free electron laser</subfield>
</datafield>
<datafield tag="653" ind1=" " ind2=" ">
<subfield code="a">optical klystron</subfield>
</datafield>
<datafield tag="653" ind1=" " ind2=" ">
<subfield code="a">DALI</subfield>
</datafield>
<datafield tag="653" ind1=" " ind2=" ">
<subfield code="a">THZ</subfield>
</datafield>
<datafield tag="856" ind1="4" ind2=" ">
<subfield code="s">12763356</subfield>
<subfield code="u">https://rodare.hzdr.de/record/4620/files/100micron_results.zip</subfield>
<subfield code="z">md5:db6b38afc041835b10bfb2c76b78bab0</subfield>
</datafield>
<datafield tag="856" ind1="4" ind2=" ">
<subfield code="s">49136665</subfield>
<subfield code="u">https://rodare.hzdr.de/record/4620/files/10micronMod4m.zip</subfield>
<subfield code="z">md5:7dcc8b7c1cb949834cd726e25b812d96</subfield>
</datafield>
<datafield tag="856" ind1="4" ind2=" ">
<subfield code="s">149948</subfield>
<subfield code="u">https://rodare.hzdr.de/record/4620/files/bunching_contour100micron.png</subfield>
<subfield code="z">md5:61dfac84518e9287517db4458049a538</subfield>
</datafield>
<datafield tag="856" ind1="4" ind2=" ">
<subfield code="s">131245</subfield>
<subfield code="u">https://rodare.hzdr.de/record/4620/files/bunching_contour10micron.png</subfield>
<subfield code="z">md5:7b427f9717665d8cb4e9b9b7ac7c8e68</subfield>
</datafield>
<datafield tag="856" ind1="4" ind2=" ">
<subfield code="s">148965</subfield>
<subfield code="u">https://rodare.hzdr.de/record/4620/files/bunching_contour30micron.png</subfield>
<subfield code="z">md5:25bb647dfac4ead7e1b6dc95e8812ced</subfield>
</datafield>
<datafield tag="856" ind1="4" ind2=" ">
<subfield code="s">76006</subfield>
<subfield code="u">https://rodare.hzdr.de/record/4620/files/bunching_contour.png</subfield>
<subfield code="z">md5:5941f11a4235a829e08a853e64b6225a</subfield>
</datafield>
<datafield tag="856" ind1="4" ind2=" ">
<subfield code="s">3283119</subfield>
<subfield code="u">https://rodare.hzdr.de/record/4620/files/figs.zip</subfield>
<subfield code="z">md5:64342339455d67c38c9a92944d7cbdb0</subfield>
</datafield>
<datafield tag="856" ind1="4" ind2=" ">
<subfield code="s">17306</subfield>
<subfield code="u">https://rodare.hzdr.de/record/4620/files/power.pdf</subfield>
<subfield code="z">md5:bc2ebcb514909784c9f7f7c9ef29e143</subfield>
</datafield>
<datafield tag="856" ind1="4" ind2=" ">
<subfield code="s">277158855</subfield>
<subfield code="u">https://rodare.hzdr.de/record/4620/files/timedependent_short_bunch.zip</subfield>
<subfield code="z">md5:80a361266e0edfb0bef8059f9750a494</subfield>
</datafield>
<datafield tag="980" ind1=" " ind2=" ">
<subfield code="a">user-dali</subfield>
</datafield>
<datafield tag="980" ind1=" " ind2=" ">
<subfield code="a">user-rodare</subfield>
</datafield>
<datafield tag="650" ind1="1" ind2="7">
<subfield code="a">cc-by</subfield>
<subfield code="2">opendefinition.org</subfield>
</datafield>
<datafield tag="520" ind1=" " ind2=" ">
<subfield code="a"><p>here are the FEL simulation results via Genesis simulation code</p></subfield>
</datafield>
<datafield tag="260" ind1=" " ind2=" ">
<subfield code="c">2026-04-20</subfield>
</datafield>
<datafield tag="024" ind1=" " ind2=" ">
<subfield code="a">10.14278/rodare.4620</subfield>
<subfield code="2">doi</subfield>
</datafield>
<datafield tag="100" ind1=" " ind2=" ">
<subfield code="a">Mirian, Najmeh Sadat</subfield>
<subfield code="u">HZDR</subfield>
<subfield code="0">(orcid)0000-0002-6152-2721</subfield>
</datafield>
<controlfield tag="005">20260420122312.0</controlfield>
</record>
| All versions | This version | |
|---|---|---|
| Views | 44 | 44 |
| Downloads | 15 | 15 |
| Data volume | 306.5 MB | 306.5 MB |
| Unique views | 40 | 40 |
| Unique downloads | 15 | 15 |